| 000 | 01165 a2200229 4500 | ||
|---|---|---|---|
| 005 | 20080909111259.0 | ||
| 008 | 080909t xxu||||| |||| 00| 0 hin d | ||
| 010 | _aHIN-80239 | ||
| 020 | _c460.00 | ||
| 035 | _aHN-52585 | ||
| 037 | _bD.B.Act / pub | ||
| 082 | _a986 | ||
| 100 | _aराय, कौलेश्वर | ||
| 245 |
_aआधुनिक यूरोप(1789-1945):भारतीय विश्वविद्यालयों की स्नातक कक्षाओं के लिए _cकौलेश्वर राय |
||
| 246 |
_aAadhunik Yurop _bby Koleshwar Ray |
||
| 260 |
_aइलाहाबाद _bकिताब महल एजेन्सीज _c2007 |
||
| 270 |
_a22,सरोजनी नायडू मार्ग _bइलाहाबाद _e211001 _k2423466 |
||
| 300 |
_aix,736पृ _c22 सेमी (सजिल्द) |
||
| 500 | _asame isbn n.of english book 812250423x | ||
| 942 |
_adpl _cHN _k986 / रायकौ _2ddc _h986 _mरायकौ |
||
| 999 |
_c5229 _d5229 |
||